| 000 | 00476nam a2200157 i 4500 | ||
|---|---|---|---|
| 001 | 61767 | ||
| 003 | ES-MaACL | ||
| 005 | 20230906164533.0 | ||
| 007 | t| | ||
| 008 | 031113s1923 xxk ||||1| eng d | ||
| 100 | 1 |
_aFarr, Robert Emmett. _948880 |
|
| 245 | 1 | 0 |
_aPractical local anesthesia and its surgical technic / _cby Robert Emmett Farr. |
| 260 |
_aLondon : _bHenry Kimpton, _c1923. |
||
| 300 |
_aXVIII, 16-529 p., 16 lám. : _bil. ; _c26 cm. |
||
| 852 |
_aES-MaACL _jB-10834 |
||
| 999 |
_c61767 _d61767 |
||